00329nam a2200121Ia 4500008004100000082001900041100002000060245005800080250000800138260003700146300000800183650001600191191201s2005 xx 000 0 und d a621.38173bWEP aWESTE, Neil H E 0aPrinciples of CMOS VLSI Design: A systems Perspective a2nd aN.DelhibPearson Educationc2005 a733 aB.Tech(ECE)